00880nam a2200241 a 450000100100000000500170001000800410002704000250006808200190009310000350011224500570014726000390020430000310024350000630027450000420033765000280037965000290040765000280043665000310046404900090049595201170050499900170062100002098620240530073934.0100825s2001 dr a 000 0 spa d aDO-SdBNPbspacBNPHU aRD868.44bO48p1 aOliva Guerrero, Luis A.94394210aPoemas, cuentos y ensayos /cLuis A. Oliva Guerrero. aSanto Domingo :bMediabyte,c2001. aix, 43 p. :bil. ;c21 cm. aIncluye datos biográficos del autor en la contracubierta aIncluye notas al pie de las páginas 0aPoesía dominicana966 0aCuentos dominicanos9176 0aEnsayos dominicanos965 0aLiteratura dominicana.967 aBNPD 0010718PDaPDbPDcCTd2010-08-25iLF1l0oRD868.44 O48pp20986-10r2020-06-25w2020-06-25yLFPDZNo se presta c20489d20489